000 00295nam a2200133Ia 4500
008 200103s9999||||xx |||||||||||||| ||und||
040 _aIMU-MPC
082 _aColumn-63
100 _aSegal, Erich
245 0 _aDoctors
260 _bBantam Books, New York
_c1992
300 _a809
942 _cBK
999 _c11301
_d11301